Current issues and problems in the auditing policy - lessons from the financial crisis

Gespeichert in:
Bibliographische Detailangaben
1. Verfasser: Polončák, Milan
Weitere Verfasser: Schwartzová, Zuzana
Format: Buchkapitel
Sprache:Englisch
Tags: Tag hinzufügen
Keine Tags, Fügen Sie das erste Tag hinzu!

MARC

LEADER 00000naa$a2200000$$$4500
001 0198144
005 20240502083503.7
041 0 |a eng 
044 |a UA 
245 1 0 |a Current issues and problems in the auditing policy - lessons from the financial crisis  |c Milan Polončák, Zuzana Schwartzová 
100 1 |a Polončák, Milan 
700 1 |a Schwartzová, Zuzana